| 000 | 01450pam a2200325 a 4500 | ||
|---|---|---|---|
| 001 | 13437 | ||
| 003 | BD-RjUL | ||
| 005 | 20211208235444.0 | ||
| 008 | 140201s1982 nyua b 101 0 eng | ||
| 020 | _a0306410230 | ||
| 035 | _a(BD-RjUL)13488 | ||
| 040 |
_aDLC _cDLC _dDLC _dBD-RjUL _beng |
||
| 041 | _aeng | ||
| 082 | 0 | 0 |
_a581.133 _219 _bCEL |
| 245 | 0 | 0 |
_aCellular and subcellular localization in plant metabolism / _cedited by Leroy L. Creasy and Geza Hrazdina. |
| 260 |
_aNew York : _bPlenum Press, _cc1982. |
||
| 300 |
_aix, 227 p. : _bill. ; _c24 cm. |
||
| 500 | _aPapers presented at a Symposium on the Cellular and Subcellular Specialization in Plant Metabolism during the annual meeting of the Phytochemical Society of North America, at Cornell University, Ithaca, N.Y., on Aug. 10-14, 1981. | ||
| 504 | _aIncludes bibliographical references and index. | ||
| 650 | 0 |
_aPlants _xMetabolism _xCongresses. _941901 |
|
| 650 | 0 |
_aPlant cells and tissues _xCongresses. _941902 |
|
| 700 | 1 |
_aCreasy, Leroy L. _941903 |
|
| 700 | 1 |
_aHrazdina, Geza. _941904 |
|
| 710 | 2 |
_aPhytochemical Society of North America. _bMeeting _n(21st : _d1981 : _cCornell University) _941905 |
|
| 711 | 2 |
_aSymposium on the Cellular and Subcellular Specialization in Plant Metabolism _d(1981 : _cCornell University) _941906 |
|
| 942 |
_2ddc _cBK |
||
| 999 |
_c13437 _d13437 |
||